Entry Personal Name
Number of records used in: 1
001 - CONTROL NUMBER
003 - CONTROL NUMBER IDENTIFIER
005 - DATE AND TIME OF LATEST TRANSACTION
- control field:
20200130144454.0
008 - FIXED-LENGTH DATA ELEMENTS
- fixed length control field:
880307n| acannaab| |n aaa |||
010 ## - LIBRARY OF CONGRESS CONTROL NUMBER
- LC control number:
n 88005646
040 ## - CATALOGING SOURCE
- Original cataloging agency:
DLC
- Transcribing agency:
DLC
100 10 - HEADING--PERSONAL NAME
- Personal name:
Carr, Houston H.,
- Dates associated with a name:
1937-
670 ## - SOURCE DATA FOUND
- Source citation:
His Managing end user computing, c1988:
- Information found:
CIP t.p. (Houston H. Carr; Univ. of Ga.) data sheet (b. 6/30/37)